Bretón de los herreros teatro
Salvato in:
| Natura: | Libro |
|---|---|
| Lingua: | Spanish |
| Pubblicazione: |
Madrid, España
ESPASA-CALPE
1957
|
| Soggetti: | |
| Tags: |
Aggiungi Tag
Nessun Tag, puoi essere il primo ad aggiungerne!!
|
MARC
| LEADER | 00000nam a22000007a 4500 | ||
|---|---|---|---|
| 008 | 170704b xxu||||| |||| 00| 0 spa d | ||
| 040 | |a cru BVZT | ||
| 090 | |a 862 H-6.1t | ||
| 245 | |a Bretón de los herreros |b teatro |c Narciso Alonso Cortés, compilador | ||
| 260 | |a Madrid, España |b ESPASA-CALPE |c 1957 | ||
| 300 | |a 239 páginas | ||
| 650 | |a LITERATURA ESPAÑOLA | ||
| 650 | |a TEATRO | ||
| 650 | |a COMEDIA | ||
| 650 | |a CLÁSICOS CASTELLANOS | ||
| 650 | |a MUERETE Y VERÁS | ||
| 650 | |a EL PELO DE LA DEHESA | ||
| 999 | |c 15342 |d 15342 | ||
| 942 | |c 15 D |h 862 H-6.1t |2 z | ||
